000 01127ncm a2200289 a 4500
999 _c360302
_d360302
003 BLK
005 20240820110357.0
008 200331b bu ||||| |||| 00| 0 bu d
040 _aBLK
041 _aRUS
_cRUS
080 _aКамерна вок. муз. Песни, балади, арии, романси
_b784.3
_z784.3
080 _aКлавирен съпровод
_b786.2.082.1
_z786.2.082.1
100 1 _aСтравински, Игор Федорович
_eпърви автор
_9126370
139 _aАлександров, Анатолий Николаевич
245 _aВокальные сочинения
_bДля голоса с фортепиано
_cАнатолий Александров
_nТ. 1
257 _aRUS
260 _9209430
_aМосква
_bМузика
_c1970
300 _a111 с.
_c29 см
380 _a7
650 7 _9151227
_aВокални произведения
653 0 _9402793
_aфортепиано
852 _aЦб М ІІ 6503
_bЦб
942 _cNOT
_n0
_s1
944 _c2020-05-07
_k30560
_lГеновева Генчева
999 _d357014
999 _d350242